Systemic Sex Therapy : (Record no. 606517)

MARC details
000 -LEADER
fixed length control field 00480nam a2200181 a 4500
008 - FIXED-LENGTH DATA ELEMENTS--GENERAL INFORMATION
fixed length control field 260101s2009##################000#0#eng##
020 ## - INTERNATIONAL STANDARD BOOK NUMBER
ISBN 9780789036681
082 04 - DEWEY DECIMAL CLASSIFICATION NUMBER
Classification number 616.8915
Item number HER
100 1# - MAIN ENTRY--AUTHOR NAME
Personal name Hertlein, Katherine M.,
245 10 - TITLE STATEMENT
Title Systemic Sex Therapy :
260 ## - PUBLICATION, DISTRIBUTION, ETC. (IMPRINT)
Name of publisher Taylor & Francis US,
Year of publication 2009.
650 #0 - SUBJECT ADDED ENTRY--TOPICAL TERM
Topical Term Sex therapy.
942 ## - ADDED ENTRY ELEMENTS (KOHA)
Koha item type English Books
Holdings
Withdrawn status Lost status Damaged status Not for loan Home library Current library Shelving location Date acquired Full call number Accession Number Price effective from Koha item type
        Anna Centenary Library Anna Centenary Library 5TH FLOOR, B WING 01.01.2026 616.8915 HER 149236 01.01.2026 English Books

Find us on the map